000 004110000a22001690004500
003 MACL
005 20160102142257.0
008 160102b xxu||||| |||| 00| 0 eng d
040 _aMACL
_cMACL
041 _aEnglish
082 _a716/DAV
100 _aDavidson, K L
_927170
245 _aGardens
_bPast And Present
260 _bT Werner Laurie
_aLondon
650 _aPlants
_927171
942 _cBK
_k716/DAV
_2ddc
999 _c37472
_d37472